000 00738nam a22002297a 4500
005 20140724130749.0
010 _aENG-110073
020 _a9789380607559
_c1095.00
035 _aEN-93606
037 _bDBAD/PUB
082 _a330.954
245 _aEssays in ancient Indian economic history /
_cedited by Brajadulal Chattopadhyaya
250 _a2nd ed
260 _aDelhi
_bPrimus Books
_c2014
270 _aVirat Bhavan, Mukherjee Nagar Commercial Complex
_bDelhi
_e110009
300 _axvii,240p.
_c25cm(Hb)
490 _aIndian History Congress monograph series
500 _aIncludes index
610 _a Indian History Congress.
700 _aChattopadhyaya, Brajadulal
942 _2ddc
_cEN
_mESS
_h330.954
999 _c84496
_d84496